Optymalny obszar walutowy teoria i praktyka

Uložené v:
Podrobná bibliografia
Hlavný autor: Bien, Andrzej
Médium: Kniha
Jazyk:Polish
Vydavateľské údaje: Warszawa Wyd. Ekon. 1988
Vydanie:1. wyd.
Tagy: Pridať tag
Žiadne tagy, Buďte prvý, kto otaguje tento záznam!

MARC

LEADER 00000nam a2200000 4500
001 c040909
005 20221219123456.1
041 0 |a pol 
044 |a PL 
245 1 0 |a Optymalny obszar walutowy  |b teoria i praktyka  |c Andrzej Bien 
250 |a 1. wyd. 
264 1 |a Warszawa  |b Wyd. Ekon.  |c 1988 
300 |a 178 s. 
100 1 |a Bien, Andrzej